Costa Rica

Shranjeno v:
Bibliografske podrobnosti
Korporativna značnica: INFOPRESS Centroamericana
Format: Texto
Izdano: Guatemala: INFOPRESS Centroamericana
Oznake: Označite
Brez oznak, prvi označite!

MARC

LEADER 00000 a a2200000 04500
001 21250
003
040 |a CRAI/IIS  |c CRAI/IIS 
090 |a 092800  
110 |a INFOPRESS Centroamericana  
245 |a Costa Rica  
260 |a Guatemala:   |b INFOPRESS Centroamericana  
300 |a 38 p.; v.  
999 |c 14201  |d 14201